000 00470nam a2200181Ia 4500
003 OSt
005 20260323103449.0
008 210210b1948 xxu||||| |||| 00| 0 eng d
040 _cAL
041 _ahin
082 _a864/8
100 _aBHATNAGAR (Ramratan)
_9199803
_dभटनागर रामरतन
245 _aKabir:
_bकबीर
260 _aIllahabad
_bKitab mahal
_c1948
690 _aHindi Criticism
_9199806
906 _a023545
942 _2ddc
_cBK
999 _c148515
_d148515